书目信息 |
| 题名: |
观花植物1000种经典图鉴
|
|
| 作者: | 徐晔春 主编 | |
| 分册: | ||
| 出版信息: | 长春 吉林科学技术出版社 2015 |
|
| 页数: | 480页 | |
| 开本: | 24cm | |
| 丛书名: | ||
| 单 册: | ||
| 中图分类: | S68-64 | |
| 科图分类: | ||
| 主题词: | 花卉--世界--图谱 | |
| 电子资源: | ||
| ISBN: | 978-7-5384-4817-7 | |
| 000 | 00827nam0 2200229 450 | |
| 001 | 012015000816 | |
| 005 | 20150914162458.81 | |
| 010 | @a978-7-5384-4817-7@dCNY49.90 | |
| 100 | @a20150601d2015 em y0chiy50 ea | |
| 101 | 0 | @achi |
| 102 | @aCN@b220000 | |
| 105 | @aa z 001yy | |
| 106 | @ar | |
| 200 | 1 | @a观花植物1000种经典图鉴@Aguan hua zhi wu 1000 zhong jing dian tu jian@e终极版@f徐晔春主编 |
| 210 | @a长春@c吉林科学技术出版社@d2015 | |
| 215 | @a480页@d24cm | |
| 330 | @a本书收录1000种观赏花卉,介绍了春、夏、秋、冬四季种植要点、形态、生长环境。具体包括:爵床科、猕猴桃科、番杏科、泽泻科、苋科、石蒜科、漆树科、番茄枝科、夹竹桃科、凤仙花科、小檗科等。 | |
| 606 | 0 | @a花卉@y世界@j图谱 |
| 690 | @aS68-64@v5 | |
| 701 | 0 | @a徐晔春@Axu ye chun@4主编 |
| 801 | 0 | @aCN@b碧洲教育@c20150718 |
| 905 | @a10447@f4@dS68-64@e359 | |
| 观花植物1000种经典图鉴:终极版/徐晔春主编.-长春:吉林科学技术出版社,2015 |
| 480页;24cm |
| ISBN 978-7-5384-4817-7:CNY49.90 |
| 本书收录1000种观赏花卉,介绍了春、夏、秋、冬四季种植要点、形态、生长环境。具体包括:爵床科、猕猴桃科、番杏科、泽泻科、苋科、石蒜科、漆树科、番茄枝科、夹竹桃科、凤仙花科、小檗科等。 |
| ● |
| 相关链接 |
|
|
|
|
正题名:观花植物1000种经典图鉴
索取号:S68-64/359
 
预约/预借
| 序号 | 登录号 | 条形码 | 馆藏地/架位号 | 状态 | 备注 |
| 1 | 0847920 | 208479207 | 第二样本阅览室/ [索取号:S68-64/359] | 在馆 | |
| 2 | 0847921 | 208479216 | 密集书库-生命科学系/ [索取号:S68-64/359] | 在馆 | |
| 3 | 0847922 | 208479225 | 第三借阅区/ [索取号:S68-64/359] | 在馆 | |
| 4 | 0847923 | 208479234 | 第三借阅区/ [索取号:S68-64/359] | 在馆 |